00438nam a2200133Ia 4500008004100000100002200041245011300063245003800176260002500214260000900239300002500248650001600273650001500289170224s9999 xx 000 0 und d aRobyn Ann Cameron aImproving Ethical Attitudes or Simply Teaching Ethical Codes? The Reality of Accounting Ethics Education  cRobyn Ann Cameron & Conor O'Leary bAccounting Education c2015 a24:4, Pages: 275-290 xAccountancy xAccounting